| 000 | 01261nam a2200385 c 4500 | ||
|---|---|---|---|
| 001 | 57381 | ||
| 003 | DO-SdBNP | ||
| 005 | 20180123084426.0 | ||
| 007 | 57381 | ||
| 008 | 130529s1970 ag a | |||| 000 j spa | ||
| 015 | _aMON1305 | ||
| 017 |
_a _b |
||
| 020 | _a | ||
| 035 | _a | ||
| 040 |
_aBPMSU _bspa _cBPMSU _e |
||
| 080 | _a | ||
| 082 |
_a868.13 _bC745l |
||
| 100 | 0 |
_aJuan Manuel, _cInfante de Castilla, _d1282-1347. |
|
| 245 | 1 | 0 |
_a El Conde Lucanor / _c Juan Manuel ; selección, estudio preliminar y notas de María Elba Foix ; Leonilda J. León de Tedesco ; edición dirigida por María Hortensia Lacau. |
| 250 | _a | ||
| 260 |
_aBuenos Aires : _bKapelusz, _c1970. |
||
| 300 |
_a221 p.: _bil.; _c19 cm. |
||
| 336 |
_aTexto (visual) _2isbdcontent |
||
| 337 |
_asin mediación _2isbdmedia |
||
| 490 | 1 |
_aGrandes obras de literatura universal _v54 |
|
| 504 | _a | ||
| 650 |
_aLITERATURA ESPAÑOLA _vCOLECCIONES DE ESCRITOS |
||
| 700 | 1 |
_a Foix, María Elba. _d |
|
| 700 | 1 | _a León de Tedesco, Leonilda J. | |
| 700 | 1 |
_aLacau, María Hortensia, _eed. |
|
| 830 | 0 |
_aGrandes obras de literatura universal _v54 |
|
| 942 |
_2ddc _cBK |
||
| 945 | _aInventariado, 2018 /LP | ||
| 956 |
_aVMATEO _b10 _c20160614 _dBPMSU _f0069 |
||
| 999 |
_c10380 _d10380 |
||